| 000 | 01206cam a22003377a 4500 | ||
|---|---|---|---|
| 001 | 15143895 | ||
| 003 | EG-ScBUE | ||
| 005 | 20211208112611.0 | ||
| 008 | 080116t2008 sz a f b 001 0 eng d | ||
| 020 | _a9783764383244 (pbk. : alk. paper) | ||
| 035 | _a(OCoLC)ocn220011158 | ||
| 040 |
_aUKM _beng _erda _cUKM _dOHX _dDLC _dEG-ScBUE |
||
| 082 | 0 | 4 |
_a728.79 _bKRO _222 |
| 100 | 1 |
_aKronenburg, Robert, _eauthor. |
|
| 245 | 1 | 0 |
_aPortable architecture : _bdesign and technology / _cRobert Kronenburg. |
| 250 | _aRevised edition. | ||
| 264 | 1 |
_aBasel : _bBirkhäuser Verlag AG, _c[2008] |
|
| 264 | 4 | _cc2008 | |
| 300 |
_a159 pages : _billustrations (some color) ; _c30 cm |
||
| 336 |
_2rdacontent _atext _btxt |
||
| 337 |
_2rdamedia _aunmediated _bn |
||
| 338 |
_2rdacarrier _avolume _bnc |
||
| 500 | _aPrevious ed.: Oxford : Elsevier/Architectural, 2003. | ||
| 504 | _aIncludes bibliographical references and index. | ||
| 650 | 7 |
_aBuildings, Portable. _2BUEsh |
|
| 653 |
_bART _cDecember2021 |
||
| 655 |
_vReading book _934232 |
||
| 906 |
_a7 _bcbc _ccopycat _d2 _encip _f20 _gy-gencatlg |
||
| 942 |
_2ddc _cBB |
||
| 999 |
_c29707 _d29678 |
||